| 000 | 00875nam a2200217Ia 4500 | ||
|---|---|---|---|
| 999 |
_c34822 _d34822 |
||
| 001 | 633 | ||
| 003 | GE_BSU | ||
| 005 | 20230126110609.0 | ||
| 008 | 181216s2002ge xx |||||||||||||| ||geo|| | ||
| 040 | _cGE_BSU | ||
| 041 | _ageo | ||
| 080 | _a339.5 ლ-85 | ||
| 100 |
_aლორთქიფანიძე, ვიქტორ _916791 |
||
| 245 |
_aსაბაჟო საქმის საფუძვლები / _cვიქტორ ლორთქიფანიძე, რედ. გ. ურიდია |
||
| 264 |
_aთბილისი : _bბიზნეს-კურიერი, _c2009. |
||
| 300 |
_a588 გვ.: _b22 სმ. |
||
| 653 | _aსაბაჟო საქმე | ||
| 653 | _aსაბაჟო საქმის საფუძვლები. | ||
| 700 |
_aურიდია, გ _eრედაქტორი _916792 |
||
| 942 |
_cBK _2udc |
||